Statistics for Five Least Elevated Capital Cities by Continent

Click here to take the quiz!

General Stats

  • This quiz has been taken 116 times
    (80 since last reset)
  • The average score is 15 of 30

Answer Stats

Continent Altitude Capital City % Correct
Europe-12Amsterdam
86%
Africa0(9 Capital Cities)
81%
North America0(7 Capital Cities)
78%
Europe0Copenhagen
75%
South America141Montevideo
67%
South America0Georgetown
67%
Asia0Singapore
62%
South America506Lima
61%
South America147AsunciĆ³n
59%
South America3Paramaribo
59%
Oceania0Apia
59%
Africa72Cairo
59%
Oceania0Suva
58%
North America7Washington, DC
57%
North America13Havana
55%
Oceania0Nuku'alofa
52%
Europe26Dublin
49%
Europe0Monaco
43%
Asia0Male
43%
Africa20Tripoli
43%
Europe26Riga
42%
Oceania0Ngerulmud
42%
North America7Nassau
39%
Oceania0Port Vila
36%
Asia3Bangkok
26%
Asia0Bandar Seri Begawan
26%
North America20Bridgetown
25%
Asia-92Baku
23%
Africa20Luanda
19%
Africa20Nouakchott
7%

Score Distribution

Percentile by Number Answered

Percent of People with Each Score

Your Score History

You have not taken this quiz since the last reset